|
|
|
|
| LEADER |
01054pam a22003018a 4500 |
| 001 |
00039806 |
| 005 |
20171026081025.0 |
| 008 |
170521s2015 ||||||Viesd |
| 041 |
0 |
# |
|a Vie
|
| 082 |
1 |
4 |
|a 372.21
|b C120N
|
| 100 |
1 |
# |
|a Tài, Thành
|e Tuyển chọn
|
| 245 |
1 |
0 |
|a Cẩm nang giáo dục mầm non kỹ năng quản lí và nghiệp vụ chuyên môn dành cho hiệu trưởng và giáo viên trường mầm non
|c Tài Thành; Vũ Thanh (tuyển chọn)
|
| 260 |
# |
# |
|a Hà Nội
|b Hồng Đức
|c 2015
|
| 300 |
# |
# |
|a 431tr.
|c 24 cm
|
| 653 |
# |
# |
|a Giáo viên
|
| 653 |
# |
# |
|a Giáo dục
|
| 653 |
# |
# |
|a Hiệu trưởng
|
| 653 |
# |
# |
|a Trường học
|
| 653 |
# |
# |
|a Quản lý
|
| 653 |
# |
# |
|a Nghiệp vụ
|
| 653 |
# |
# |
|a Mầm non
|
| 700 |
1 |
# |
|a Vũ, Thanh
|e Tuyển chọn
|
| 852 |
# |
# |
|j KD.0022405
|j KM.0029906
|
| 852 |
# |
# |
|b Kho đọc
|j KD.0022405
|
| 910 |
|
|
|d 21/05/2017
|
| 980 |
# |
# |
|a Trung tâm Học liệu Lê Vũ Hùng, Trường Đại học Đồng Tháp
|